• 首页
  • 本馆介绍
  • 公告通知
  • 最新文献
  • 馆藏检索
  • 电子资源
  • 读者导购
  • 参考咨询
  • 我的图书馆
  • 登录
  • 期刊详细显示
  • 现刊情况显示
  • 合订本情况显示
  • 篇目信息显示

期刊信息

  • 表格格式
  • 工作单格式
  • 卡片格式
索取号 
Q94/ZHWXB
题名 
Journal of Integrative Plant Biology
作者 
Journal of Integrative Plant Biology Editorial Office Institute of Botany
分册号 
分册名 
出版地 
北京
出版者 
Blackwell Publishing Asia Pty Ltd
标准刊号 
1672-9072
出版频率 
月刊
中图法分类 
Q94
主题词 
植物学
电子资源 
000 00873nas0 2200265 45
001 0552754062
005 20150319101255.37
010    @d90
011    @a1672-9072@dCNY90.00
091    @aCN11-5067/Q
092    @b2-500
100    @a20051129d km y0chiy0120 ea
101 0  @aeng@geng
102    @aCN@b110000
200 1  @aJournal of Integrative Plant Biology@d=植物学报(英文版)@fJournal of Integrative Plant Biology Editorial Office Institute of Botany@zeng
210    @a北京@cBlackwell Publishing Asia Pty Ltd
305    @a原《植物学报》中文版,2010年改版为英文版
326    @a月刊
510    @a植物学报(英文版)
541    @a植物学报(英文版)@AZhi Wu Xue Bao(Ying Wen Ban)
606 0  @a植物学
690    @aQ94@v4
701  0 @aJournal of Integrative Plant Biology Editorial Office Institute of Botany
801  0 @aCN@bPFT@c20100903
905    @aTJWY@dQ94@eZHWXB
    
    Journal of Integrative Plant Biology=植物学报(英文版)/Journal of Integrative Plant Biology Editorial Office Institute of Botany.-北京:Blackwell Publishing Asia Pty Ltd
    
    ←并列题名:植物学报(英文版)
    
    90 ISSN 1672-9072:CNY90.00
    
●
相关链接: 在易读查询期刊 在中国知网中查询期刊 在万方数据查询期刊 在维普查询期刊
唐山师范学院图书馆 欢迎您!
大连网信软件有限公司© 版权所有